000 01510nam0a22002531 4500
001 rc\3476069
005 20250610021910.0
021 _aRU
_b[74-80462]
035 _a(NLR Aleph) 007642454
090 _a6140569
_c6140569
100 _a20130115d1974 |||y0rusy50 ca
101 0 _arus
102 _aRU
105 _ay z |||||
200 1 _aМатериалы Научно-практической конференции по борьбе с заболеваемостью дизентерией на Северном Кавказе. 29-30 мая 1973 г.
_fРост. науч.-исслед. ин-т эпидемиологии, микробиологии и гигиены. Рост. обл. отд-ние Всерос. науч.-мед. о-ва эпидемиологов, микробиологов и инфекционистов. Рост. обл. отд-ние Всерос. о-ва гигиенистов и сан. врачей
210 _aРостов-на-Дону
_cИзд-во Рост. ун-та
_d1974
215 _a64 с.
_d19
606 _aДизентерия
_xЭпидемиологическая краевая
_yСеверный Кавказ
_2psbo
710 1 2 _aНаучно-практическая конференция по борьбе с заболеваемостью дизентерией на Северном Кавказе (1973; Ростов-на-Дону)
801 0 _aRU
_bNLR
_gpsbo
801 1 _aRU
_bELAR
_2rusmarc
852 _aNLR
_j74-4/25460
942 _cBOOK
980 _aNB